Report on Monetary Policy Implementation of Poland (Record no. 6614)

MARC details
000 -LEADER
fixed length control field 00477nam a22001937i 4500
001 - CONTROL NUMBER
control field 7805
003 - CONTROL NUMBER IDENTIFIER
control field OSt
005 - DATE AND TIME OF LATEST TRANSACTION
control field 20170126082404.0
007 - PHYSICAL DESCRIPTION FIXED FIELD--GENERAL INFORMATION
fixed length control field tu
008 - FIXED-LENGTH DATA ELEMENTS--GENERAL INFORMATION
fixed length control field 161220s xxu||||| |||| 00| 0 d
024 7# - OTHER STANDARD IDENTIFIER
Standard number or code 7805
Source of number or code RID
040 ## - CATALOGING SOURCE
Transcribing agency OSt
110 2# - MAIN ENTRY--CORPORATE NAME
Corporate name or jurisdiction name as entry element Central Statistical Office
245 00 - TITLE STATEMENT
Title Report on Monetary Policy Implementation of Poland
260 ## - PUBLICATION, DISTRIBUTION, ETC.
Place of publication, distribution, etc. Poland.
490 ## - SERIES STATEMENT
Series statement Report on Monetary Policy Implementation of Poland
651 ## - SUBJECT ADDED ENTRY--GEOGRAPHIC NAME
Geographic name Poland
866 #0 - TEXTUAL HOLDINGS--BASIC BIBLIOGRAPHIC UNIT
-- 2004, 2007,2008
942 ## - ADDED ENTRY ELEMENTS (KOHA)
Koha item type Statistics
Holdings
Withdrawn status Lost status Damaged status Not for loan Home library Current library Shelving location Date acquired Inventory number Total Checkouts Barcode Date last seen Price effective from Koha item type Serial Enumeration / chronology
        WIIW WIIW Library 08/07/2008 7805   10003728 01/26/2017 01/26/2017 Statistics  
        WIIW WIIW Library 07/08/2014 7805   10005686 01/26/2017 01/26/2017 Statistics 2013
        WIIW WIIW Library 06/25/2015 7805   10006241 01/26/2017 01/26/2017 Statistics 2014
The Vienna Instiute for International Economic Studies (wiiw)